|
|
|
|
| LEADER |
00000nas a2200000 a 4500 |
| 001 |
ssj0000493495 |
| 003 |
WaSeSS |
| 005 |
20200512172242.0 |
| 006 |
m d |
| 007 |
cr n |
| 008 |
110216c20119999ncuqr p s 0 a0eng |
| 010 |
|
|
|a 2011201069
|
| 016 |
7 |
|
|a 2602383-0
|2 DE-600
|
| 022 |
|
|
|a 2159-9807
|y 2154-4727
|
| 035 |
|
|
|a (WaSeSS)ssj0000493495
|
| 037 |
|
|
|b University of North Carolina Press, 116 S. Boundary Street, Chapel Hill, NC 27514
|
| 037 |
|
|
|a 22573/ctt1jgdn8t
|b JSTOR
|
| 040 |
|
|
|a DLC
|b eng
|c DLC
|d HEBIS
|d DLC
|d TXA
|d DLC
|d OCLCQ
|d OCLCF
|d OCLCO
|d OCL
|d OCLCQ
|d TEF
|d AU@
|d OCL
|d WaSeSS
|
| 042 |
|
|
|a nsdp
|a pcc
|
| 043 |
|
|
|a n-us---
|
| 050 |
1 |
4 |
|a E468
|b .J68
|
| 082 |
1 |
0 |
|a 970
|2 14
|
| 130 |
0 |
|
|a Journal of the Civil War era (Online)
|
| 222 |
|
4 |
|a The journal of the Civil War era
|b (Online)
|
| 245 |
1 |
4 |
|a The journal of the Civil War era
|h [electronic resource].
|
| 260 |
|
|
|a Chapel Hill, NC :
|b University of North Carolina Press,
|c 2011-
|
| 310 |
|
|
|a Quarterly
|
| 362 |
1 |
|
|a Began with: Vol. 1, no. 1 (March 2011).
|
| 500 |
|
|
|a Published in association with the George and Ann Richards Civil War Era Center at Penn State University.
|
| 506 |
|
|
|a License restrictions may limit access.
|
| 588 |
|
|
|a Description based on: Vol. 1, no. 1 (March 2011); title from PDF article running title (Project Muse website, viewed June 17, 2011).
|
| 588 |
|
|
|a Latest issue consulted: Vol. 1, no. 2 (June 2011) (Project Muse website, viewed June 17, 2011).
|
| 647 |
|
7 |
|a American Civil War
|c (United States :
|d 1861-1865)
|2 fast
|0 (OCoLC)fst01351658
|
| 648 |
|
7 |
|a 1849-1877
|2 fast
|
| 651 |
|
0 |
|a United States
|x History
|y Civil War, 1861-1865
|v Periodicals.
|
| 651 |
|
0 |
|a United States
|x History
|y 1849-1877
|v Periodicals.
|
| 651 |
|
7 |
|a United States.
|2 fast
|0 (OCoLC)fst01204155
|
| 655 |
|
0 |
|a Electronic journals.
|
| 710 |
2 |
|
|a George and Ann Richards Civil War Era Center.
|
| 776 |
0 |
8 |
|i Print version:
|t Journal of the Civil War era
|x 2154-4727
|w (DLC) 2010201925
|w (OCoLC)606006139
|
| 856 |
4 |
0 |
|z Full text available from Research Library: 03/01/2015 to 1 year ago
|u https://search.proquest.com/publication/2040417
|